| 000 | 00710nam a2200265Ia 4500 | ||
|---|---|---|---|
| 003 | OSt | ||
| 005 | 20221007112740.0 | ||
| 006 | a|||||r|||| 00| 0 | ||
| 007 | ta | ||
| 008 | 221006b |||||||| |||| 00| 0 eng d | ||
| 024 | _a29,305 | ||
| 037 | _cTextual | ||
| 040 |
_aLCO _cLCO _beng |
||
| 041 |
_2eng _aeng |
||
| 082 | _aV1:5, Q2 | ||
| 100 |
_aSingh Gurdip _9708782 |
||
| 245 | 0 | _aHuman Rights in 21st Century Changing Dimensions | |
| 250 | _aIst | ||
| 260 |
_aNew _bDelhi Universal Law Publishing co. India _c2012 |
||
| 300 | _a949 | ||
| 650 | _aHUMAN RIGHTS | ||
| 700 |
_a Ahuja V.K. _9460413 |
||
| 942 |
_hV1:5, Q2 _cTEXL |
||
| 999 |
_c1198868 _d1198868 |
||